000 01696nam a2200325 a 4500
001 000017883
003 DO-SdBPM
005 20250922070901.0
007 ta
008 100407s2014 dr ad 000 0 spa d
040 _aDO-SdBPM
_bspa
_cBPMSU
_drda
082 4 _a317.2932
_bR426pe 2014
_222
092 _a
_b
110 2 _aRepública Dominicana
_bOficina Nacional de Estadística
245 0 0 _aPerfiles estadísticos provinciales :
_bprovincia Puerto Plata /
_cpresentación Pablo Tactuk.
264 _aSanto Domingo :
_bFondo de las Naciones Unidas para la Infancia ;
_bOficina Nacional de Estadística,
_c2015
300 _a36 páginas :
_bilustración, diagramas ;
_c28 cm.
336 _atexto
_btxt
_2rdacontent
337 _asin mediación
_bn
_2rdamedia
338 _avolumen
_bnc
_2rdacarrier
505 0 _aFicha técnica 3 --Presentación 7 -- Región Cibao Norte
520 _aLa Oficina Nacional de Estadística (ONE), a través de su Departamento de Coordinación Estadística, presenta el perfil estadístico provincial de Puerto Plata, el cual es una recopilación de informaciones estadísticas e indicaciones sobra la situación socio-económica, demográfica y medioambiental de la provincia Santiago
590 _aInventariado, 24025/VM
651 7 _aSantiago de los Caballeros (República Dominicana : Provincia)
_xPoblación
_xEstadística
651 7 _aSantiago de los Caballeros (República Dominicana : Provincia)
_xCondiciones económica
651 4 _aSantiago de los Caballeros (República Dominicana : Provincia)
_xCondiciones sociales
700 1 2 _aTactuk, Pablo
_epresentación
910 _aVMateo V. Control de calidad BPMSU
942 _2ddc
_cBK
999 _c15416
_d15416